000
00302nam a22001337a 4500
008
180926b xxu||||| |||| 00| 0 eng d
020
_a
9780137782673
041
_a
eng
080
_2
3 ED
_a
510
100
_a
37
101
_a
MAT
245
_a
Basic College Mathematics
_c
Slater.j
942
_2
udc
_c
BK
999
_c
48482
_d
48482